000 00821nam a22002657a 4500
001 7628
003 FISKH
005 20250728140234.0
008 250728b cb ||||| |||| 00| 0 eng d
020 _a9780516204284
040 _aFISKH
_beng
_cFISKH
_dFISKH
050 _aQL737.C432 F68
082 _a599.53
100 _aFowler, Allan
245 _aFriendly Dolphins /
_cby Allan Fowler
260 _aNew York :
_bScholastic,
_c1997.
300 _a31 pages :
_bcolor illustrations ;
_c19 cm
505 _aN
520 _aBriefly describes the physical characteristics and behavior of dolphins and several related marine mammals, killer whales and porpoises.
521 8 _a560
_bLexile AD
521 8 _aN
_bRaz-Plus
650 _aAnimals
_vOcean
_xDolphins
942 _2ddc
_cBK
_n0
999 _c7628
_d7628